| 000 | 00514nam a2200193Ia 4500 | ||
|---|---|---|---|
| 005 | 20250508160544.0 | ||
| 008 | 008 250505s9999 xx 000 0 eng d | ||
| 037 | _aReference | ||
| 040 |
_aFEDL _beng _cFEDL |
||
| 041 |
_aeng _2eng |
||
| 084 |
_a371.335, DAL _qFEDL |
||
| 100 | _aDale Edgar | ||
| 245 | 0 | _aAudiovisual methods in teaching | |
| 250 | _a3 | ||
| 260 |
_aNew York, USA _bThe Dryden Press _c1969 |
||
| 300 | _axii,719p | ||
| 942 |
_cREF _h371.335, DAL |
||
| 999 |
_c1365322 _d1365322 |
||